[Event "DEM U10 2021"]
[Site "Willingen GER"]
[Date "2021.08.26"]
[Round "7"]
[White "Gavrylyuk, Oleksandr"]
[Black "Heitmann, Erik"]
[Result "1/2-1/2"]
[Termination "normal"]
[Board "25"]
[WhiteElo "1151"]
[BlackElo "1262"]
[WhiteClock "00:54:23"]
[BlackClock "00:53:31"]
[PlyCount "80"]
[WhiteFideId "34609083"]
[BlackFideId "34608940"]
[EventCountry "GER"]
[EventRounds "11"]
[EventType "swiss"]
[EventDate "2021.08.22"]

1. d4 {[%clk 01:15:56]} {[%emt 00:00:03]} d5 {[%clk 01:15:46]} {[%emt
00:00:13]} 2. Bf4 {[%clk 01:16:19]} {[%emt 00:00:08]} Bf5 {[%clk 01:15:52]}
{[%emt 00:00:24]} 3. Nf3 {[%clk 01:16:39]} {[%emt 00:00:10]} Nf6 {[%clk
01:15:38]} {[%emt 00:00:44]} 4. e3 {[%clk 01:16:59]} {[%emt 00:00:10]} c5
{[%clk 01:15:22]} {[%emt 00:00:46]} 5. c3 {[%clk 01:16:28]} {[%emt 00:01:01]}
g6 {[%clk 01:15:03]} {[%emt 00:00:49]} 6. Nbd2 {[%clk 01:15:56]} {[%emt
00:01:02]} Bg7 {[%clk 01:15:08]} {[%emt 00:00:24]} 7. Ne5 {[%clk 01:15:58]}
{[%emt 00:00:30]} O-O {[%clk 01:14:52]} {[%emt 00:00:44]} 8. Be2 {[%clk
01:15:34]} {[%emt 00:00:55]} Nbd7 {[%clk 01:14:25]} {[%emt 00:00:57]} 9. Ndf3
{[%clk 01:15:06]} {[%emt 00:00:59]} Re8 {[%clk 01:12:53]} {[%emt 00:02:00]} 10.
Bd3 {[%clk 01:14:14]} {[%emt 00:01:23]} Nxe5 {[%clk 01:06:41]} {[%emt
00:06:42]} 11. Nxe5 {[%clk 01:13:15]} {[%emt 00:01:29]} Bxd3 12. Qxd3 {[%clk
01:13:32]} Rc8 {[%clk 01:06:15]} {[%emt 00:00:54]} 13. O-O {[%clk 01:12:39]}
{[%emt 00:01:07]} c4 {[%clk 01:06:06]} {[%emt 00:00:55]} 14. Qc2 {[%clk
01:12:51]} {[%emt 00:00:18]} Nh5 {[%clk 01:06:14]} {[%emt 00:00:22]} 15. Bg3
{[%clk 01:11:39]} {[%emt 00:01:43]} Nxg3 {[%clk 01:05:51]} {[%emt 00:00:52]}
16. fxg3 {[%clk 01:11:10]} {[%emt 00:00:59]} Bxe5 {[%clk 01:05:25]} {[%emt
00:00:56]} 17. dxe5 {[%clk 01:11:11]} {[%emt 00:00:30]} b5 {[%clk 01:04:50]}
{[%emt 00:01:04]} 18. Qf2 {[%clk 01:10:52]} {[%emt 00:00:48]} Rf8 {[%clk
01:04:18]} {[%emt 00:01:02]} 19. Rad1 {[%clk 01:10:26]} {[%emt 00:00:57]} e6
{[%clk 01:04:03]} {[%emt 00:00:45]} 20. e4 {[%clk 01:10:39]} {[%emt 00:00:18]}
a5 {[%clk 01:03:36]} {[%emt 00:00:56]} 21. a3 {[%clk 01:09:41]} {[%emt
00:01:29]} Rb8 {[%clk 00:59:52]} {[%emt 00:04:13]} 22. Qd4 {[%clk 01:08:25]}
{[%emt 00:01:45]} dxe4 {[%clk 00:59:05]} {[%emt 00:01:17]} 23. Qxe4 {[%clk
01:07:25]} {[%emt 00:01:30]} Qb6+ {[%clk 00:58:56]} {[%emt 00:00:40]} 24. Qd4
{[%clk 01:07:00]} {[%emt 00:00:55]} b4 {[%clk 00:58:38]} {[%emt 00:00:49]} 25.
axb4 {[%clk 01:02:41]} {[%emt 00:04:49]} axb4 {[%clk 00:58:15]} {[%emt
00:00:53]} 26. cxb4 {[%clk 01:02:32]} {[%emt 00:00:39]} Qxb4 {[%clk 00:58:23]}
{[%emt 00:00:22]} 27. Rc1 {[%clk 01:01:03]} {[%emt 00:01:59]} Qxb2 {[%clk
00:57:32]} {[%emt 00:01:19]} 28. Rxc4 {[%clk 01:00:34]} {[%emt 00:01:00]} Qxd4+
{[%clk 00:57:16]} {[%emt 00:00:46]} 29. Rxd4 {[%clk 01:00:48]} {[%emt
00:00:16]} Rfd8 {[%clk 00:57:10]} {[%emt 00:00:36]} 30. Rxd8+ {[%clk 01:00:04]}
{[%emt 00:01:14]} Rxd8 {[%clk 00:54:52]} {[%emt 00:02:48]} 31. Re1 {[%clk
01:00:00]} {[%emt 00:00:22]} Kf8 {[%clk 00:54:52]} {[%emt 00:00:42]} 32. Kf2
{[%clk 01:00:06]} {[%emt 00:00:24]} Ke7 {[%clk 00:54:50]} {[%emt 00:00:32]} 33.
Ke3 {[%clk 00:59:16]} {[%emt 00:01:18]} Rd5 {[%clk 00:54:07]} {[%emt 00:01:13]}
34. Kf4 {[%clk 00:59:05]} {[%emt 00:00:42]} h6 {[%clk 00:53:05]} {[%emt
00:01:31]} 35. Rb1 {[%clk 00:57:14]} {[%emt 00:02:21]} Rd2 {[%clk 00:52:50]}
{[%emt 00:00:47]} 36. Rb7+ {[%clk 00:56:19]} {[%emt 00:01:24]} Rd7 {[%clk
00:52:48]} {[%emt 00:00:33]} 37. Rxd7+ {[%clk 00:56:07]} {[%emt 00:00:42]} Kxd7
{[%clk 00:53:05]} {[%emt 00:00:13]} 38. g4 {[%clk 00:55:26]} {[%emt 00:01:11]}
Kc6 {[%clk 00:53:08]} {[%emt 00:00:27]} 39. g5 {[%clk 00:54:07]} {[%emt
00:01:48]} h5 {[%clk 00:53:31]} {[%emt 00:00:08]} 40. g4 {[%clk 00:54:23]}
{[%emt 00:00:14]} h4 {[%emt 00:01:25]} 1/2-1/2

[Event "DEM U10 2021"]
[Site "Willingen GER"]
[Date "2021.08.26"]
[Round "7"]
[White "Burban, Bogdan"]
[Black "Vinogradov, Ilia"]
[Result "1-0"]
[Termination "normal"]
[Board "26"]
[WhiteElo "1062"]
[BlackElo "1217"]
[WhiteClock "00:33:32"]
[BlackClock "00:27:43"]
[PlyCount "133"]
[WhiteFideId "34609040"]
[BlackFideId "34603166"]
[EventCountry "GER"]
[EventRounds "11"]
[EventType "swiss"]
[EventDate "2021.08.22"]

1. d4 {[%clk 01:15:58]} {[%emt 00:00:02]} Nf6 {[%clk 01:15:52]} {[%emt
00:00:08]} 2. c4 {[%clk 01:16:22]} {[%emt 00:00:07]} e6 {[%clk 01:16:13]}
{[%emt 00:00:08]} 3. Nf3 {[%clk 01:16:44]} {[%emt 00:00:08]} d5 {[%clk
01:15:59]} {[%emt 00:00:44]} 4. Nc3 {[%clk 01:17:06]} {[%emt 00:00:08]} Bb4
{[%clk 01:15:50]} {[%emt 00:00:39]} 5. Bg5 {[%clk 01:17:27]} {[%emt 00:00:09]}
h6 {[%clk 01:15:41]} {[%emt 00:00:39]} 6. Bh4 {[%clk 01:17:10]} {[%emt
00:00:47]} Nc6 {[%clk 01:14:09]} {[%emt 00:02:02]} 7. e3 {[%clk 01:15:52]}
{[%emt 00:01:48]} g5 {[%clk 01:09:53]} {[%emt 00:04:46]} 8. Bg3 {[%clk
01:16:01]} {[%emt 00:00:21]} Ne4 {[%clk 01:08:39]} {[%emt 00:01:44]} 9. Qc2
{[%clk 01:13:14]} {[%emt 00:03:17]} Bxc3+ {[%clk 01:06:24]} {[%emt 00:02:45]}
10. bxc3 {[%clk 01:13:31]} {[%emt 00:00:13]} Nxg3 {[%clk 01:06:36]} {[%emt
00:00:18]} 11. fxg3 {[%clk 01:13:22]} {[%emt 00:00:38]} Qf6 {[%clk 01:02:09]}
{[%emt 00:04:59]} 12. cxd5 {[%clk 01:12:34]} {[%emt 00:01:18]} exd5 {[%clk
01:01:49]} {[%emt 00:00:49]} 13. Bd3 {[%clk 01:10:47]} {[%emt 00:02:17]} Be6
{[%clk 00:58:47]} {[%emt 00:03:32]} 14. O-O {[%clk 01:10:15]} {[%emt 00:01:02]}
Qe7 {[%clk 00:57:00]} {[%emt 00:02:17]} 15. Rab1 {[%clk 01:07:30]} {[%emt
00:03:16]} Rb8 {[%clk 00:54:19]} {[%emt 00:03:11]} 16. Bb5 {[%clk 01:05:15]}
{[%emt 00:02:45]} Bd7 {[%clk 00:53:05]} {[%emt 00:01:43]} 17. Kh1 {[%clk
01:02:14]} {[%emt 00:03:31]} Na5 {[%clk 00:51:36]} {[%emt 00:01:59]} 18. Bxd7+
{[%clk 01:01:08]} {[%emt 00:01:35]} Qxd7 {[%clk 00:50:21]} {[%emt 00:01:46]}
19. Ne5 {[%clk 00:59:42]} {[%emt 00:01:57]} Qe6 {[%clk 00:47:21]} {[%emt
00:03:30]} 20. Nxf7 {[%clk 00:58:35]} {[%emt 00:01:36]} Rf8 {[%clk 00:44:10]}
{[%emt 00:03:41]} 21. Ne5 {[%clk 00:56:33]} {[%emt 00:02:32]} Rxf1+ {[%emt
00:02:23]} 22. Rxf1 {[%emt 00:00:20]} Qa6 {[%clk 00:36:04]} {[%emt 00:05:54]}
23. Qg6+ {[%clk 00:55:08]} {[%emt 00:01:54]} Qxg6 {[%clk 00:35:28]} {[%emt
00:01:06]} 24. Nxg6 {[%clk 00:55:26]} {[%emt 00:00:12]} Kd7 {[%clk 00:34:43]}
{[%emt 00:01:15]} 25. h4 {[%clk 00:53:09]} {[%emt 00:02:46]} Rg8 {[%clk
00:32:46]} {[%emt 00:02:28]} 26. Ne5+ {[%clk 00:53:03]} {[%emt 00:00:36]} Ke6
{[%clk 00:32:36]} {[%emt 00:00:40]} 27. Kh2 {[%clk 00:51:32]} {[%emt 00:02:01]}
Nc4 {[%clk 00:29:44]} {[%emt 00:03:23]} 28. Nxc4 {[%clk 00:50:23]} {[%emt
00:01:38]} dxc4 {[%clk 00:29:41]} {[%emt 00:00:33]} 29. Kh3 {[%clk 00:49:28]}
{[%emt 00:01:25]} gxh4 {[%clk 00:29:31]} {[%emt 00:00:41]} 30. gxh4 {[%clk
00:48:38]} {[%emt 00:01:18]} Rd8 {[%clk 00:28:00]} {[%emt 00:02:01]} 31. g4
{[%clk 00:48:17]} {[%emt 00:00:51]} Rd5 {[%clk 00:25:29]} {[%emt 00:03:02]} 32.
e4 {[%clk 00:47:30]} {[%emt 00:01:17]} Ra5 {[%clk 00:25:12]} {[%emt 00:00:47]}
33. Rf5 {[%clk 00:46:35]} {[%emt 00:01:25]} Rxa2 {[%clk 00:24:19]} {[%emt
00:01:23]} 34. g5 {[%clk 00:45:50]} {[%emt 00:01:16]} hxg5 {[%clk 00:24:12]}
{[%emt 00:00:37]} 35. hxg5 {[%clk 00:46:03]} {[%emt 00:00:17]} Re2 {[%clk
00:23:44]} {[%emt 00:00:58]} 36. g6 {[%clk 00:44:01]} {[%emt 00:02:31]} Re3+
{[%clk 00:23:31]} {[%emt 00:00:43]} 37. Kg2 {[%clk 00:43:11]} {[%emt 00:01:20]}
Rxe4 {[%clk 00:23:21]} {[%emt 00:00:41]} 38. Rg5 {[%clk 00:42:42]} {[%emt
00:00:58]} Kf6 {[%clk 00:21:00]} {[%emt 00:02:52]} 39. g7 {[%clk 00:40:17]}
{[%emt 00:02:54]} Kxg5 {[%clk 00:21:10]} {[%emt 00:00:19]} 40. g8=Q+ {[%clk
00:40:32]} {[%emt 00:00:17]} Kf5 {[%clk 00:21:16]} {[%emt 00:00:23]} 41. Kf3
{[%clk 00:38:37]} {[%emt 00:02:25]} Rf4+ {[%clk 00:21:31]} {[%emt 00:00:15]}
42. Ke3 {[%clk 00:38:33]} {[%emt 00:00:34]} Re4+ {[%clk 00:21:50]} {[%emt
00:00:11]} 43. Kd2 {[%clk 00:38:52]} {[%emt 00:00:11]} Rg4 {[%clk 00:21:58]}
{[%emt 00:00:22]} 44. Qd5+ {[%clk 00:38:26]} {[%emt 00:00:57]} Kg6 {[%clk
00:22:13]} {[%emt 00:00:14]} 45. Qe6+ {[%clk 00:37:42]} {[%emt 00:01:14]} Kg5
{[%clk 00:22:32]} {[%emt 00:00:11]} 46. Qe7+ {[%clk 00:37:04]} {[%emt
00:01:08]} Kg6 {[%clk 00:22:35]} {[%emt 00:00:27]} 47. Qe8+ {[%clk 00:36:56]}
{[%emt 00:00:38]} Kg5 {[%clk 00:22:57]} {[%emt 00:00:08]} 48. Qd8+ {[%clk
00:36:15]} {[%emt 00:01:11]} Kg6 {[%clk 00:23:16]} {[%emt 00:00:11]} 49. Qxc7
{[%clk 00:35:28]} {[%emt 00:01:18]} Kf5 {[%clk 00:23:30]} {[%emt 00:00:15]} 50.
Qxb7 {[%clk 00:34:32]} {[%emt 00:01:26]} Kf6 {[%clk 00:23:41]} {[%emt
00:00:19]} 51. Qc6+ {[%clk 00:32:20]} {[%emt 00:02:42]} Kg5 {[%clk 00:23:55]}
{[%emt 00:00:15]} 52. Qxc4 {[%clk 00:32:07]} {[%emt 00:00:44]} a5 {[%clk
00:24:12]} {[%emt 00:00:13]} 53. Qc5+ {[%clk 00:32:14]} {[%emt 00:00:23]} Kg6
{[%clk 00:24:30]} {[%emt 00:00:12]} 54. Qxa5 {[%clk 00:32:14]} {[%emt
00:00:30]} Rg2+ {[%clk 00:24:48]} {[%emt 00:00:12]} 55. Kd3 {[%clk 00:31:38]}
{[%emt 00:01:06]} Rg3+ {[%clk 00:25:05]} {[%emt 00:00:13]} 56. Kc4 {[%clk
00:31:39]} {[%emt 00:00:29]} Kf6 {[%clk 00:24:51]} {[%emt 00:00:44]} 57. Qe5+
{[%clk 00:31:51]} {[%emt 00:00:18]} Kg6 {[%clk 00:25:11]} {[%emt 00:00:10]} 58.
Qxg3+ {[%clk 00:32:08]} {[%emt 00:00:13]} Kf5 {[%clk 00:25:33]} {[%emt
00:00:08]} 59. Qe5+ {[%clk 00:32:20]} {[%emt 00:00:17]} Kg4 {[%clk 00:25:52]}
{[%emt 00:00:12]} 60. d5 {[%clk 00:32:33]} {[%emt 00:00:18]} Kf3 {[%clk
00:26:13]} {[%emt 00:00:08]} 61. d6 {[%clk 00:32:49]} {[%emt 00:00:14]} Kg4
{[%clk 00:26:11]} {[%emt 00:00:31]} 62. d7 {[%clk 00:33:02]} {[%emt 00:00:17]}
Kf3 {[%emt 00:00:27]} 63. d8=Q {[%clk 00:33:15]} {[%emt 00:00:03]} Kg4 {[%clk
00:26:47]} {[%emt 00:00:12]} 64. Qdg5 {[%clk 00:33:15]} {[%emt 00:00:30]} Kf3
{[%clk 00:27:05]} {[%emt 00:00:12]} 65. Qgf4+ {[%clk 00:33:12]} {[%emt
00:00:33]} Kg2 {[%clk 00:27:26]} {[%emt 00:00:09]} 66. Qeg5+ {[%clk 00:33:32]}
{[%emt 00:00:10]} Kh3 {[%clk 00:27:43]} {[%emt 00:00:12]} 67. Qfg3+ {[%emt
00:00:18]} 1-0

[Event "DEM U10 2021"]
[Site "Willingen GER"]
[Date "2021.08.26"]
[Round "7"]
[White "Schröder, Hannes Artur"]
[Black "Lange, Friedrich"]
[Result "1-0"]
[Termination "normal"]
[Board "29"]
[WhiteElo "961"]
[BlackElo "861"]
[WhiteClock "01:00:56"]
[BlackClock "01:10:19"]
[PlyCount "102"]
[WhiteFideId "34608818"]
[BlackFideId "34608915"]
[EventCountry "GER"]
[EventRounds "11"]
[EventType "swiss"]
[EventDate "2021.08.22"]

1. d4 {[%clk 01:15:55]} {[%emt 00:00:05]} d5 {[%clk 01:16:24]} {[%emt
00:00:05]} 2. Bf4 {[%clk 01:16:16]} {[%emt 00:00:08]} Bf5 {[%clk 01:16:24]}
{[%emt 00:00:31]} 3. e3 {[%clk 01:16:15]} {[%emt 00:00:31]} Nf6 {[%clk
01:16:35]} {[%emt 00:00:19]} 4. Nd2 {[%clk 01:16:24]} {[%emt 00:00:21]} e6
{[%clk 01:16:50]} {[%emt 00:00:15]} 5. Ngf3 {[%clk 01:16:35]} {[%emt 00:00:18]}
Be7 {[%clk 01:17:09]} {[%emt 00:00:12]} 6. Be2 {[%clk 01:16:39]} {[%emt
00:00:26]} O-O {[%clk 01:17:26]} {[%emt 00:00:13]} 7. h3 {[%clk 01:15:49]}
{[%emt 00:01:20]} Nbd7 {[%clk 01:17:18]} {[%emt 00:00:38]} 8. c3 {[%clk
01:15:37]} {[%emt 00:00:41]} c6 {[%clk 01:17:18]} {[%emt 00:00:30]} 9. O-O
{[%clk 01:14:40]} Qb6 {[%clk 01:17:07]} {[%emt 00:02:09]} 10. Qb3 {[%clk
01:14:45]} Rac8 {[%clk 01:16:47]} {[%emt 00:01:14]} 11. Qxb6 {[%clk 01:14:38]}
Nxb6 {[%clk 01:17:06]} {[%emt 00:00:49]} 12. Ne5 {[%clk 01:14:49]} h6 {[%clk
01:15:49]} {[%emt 00:02:06]} 13. Bf3 {[%clk 01:12:39]} c5 {[%clk 01:15:36]}
{[%emt 00:03:23]} 14. Rfe1 {[%clk 01:11:44]} c4 {[%emt 00:03:50]} 15. e4 {[%clk
01:10:41]} Bxe4 {[%clk 01:15:05]} {[%emt 00:00:39]} 16. Nxe4 {[%clk 01:10:19]}
{[%emt 00:00:52]} Nxe4 {[%clk 01:15:18]} {[%emt 00:00:16]} 17. Bxe4 {[%clk
01:10:01]} {[%emt 00:00:49]} dxe4 {[%clk 01:15:19]} {[%emt 00:00:29]} 18. Rxe4
{[%clk 01:10:15]} {[%emt 00:00:15]} f5 {[%clk 01:15:24]} {[%emt 00:00:26]} 19.
Re2 {[%clk 01:07:16]} {[%emt 00:03:30]} Nd5 {[%clk 01:14:53]} {[%emt 00:01:00]}
20. Bd2 {[%clk 01:06:11]} {[%emt 00:01:35]} Bf6 {[%clk 01:14:26]} {[%emt
00:00:57]} 21. Nd7 {[%clk 01:06:05]} {[%emt 00:00:37]} Rf7 {[%clk 01:13:46]}
{[%emt 00:01:08]} 22. Nc5 {[%clk 01:05:11]} {[%emt 00:01:24]} Re8 {[%clk
01:12:29]} {[%emt 00:01:47]} 23. Nxe6 {[%clk 01:03:35]} {[%emt 00:02:07]} Rfe7
{[%clk 01:10:15]} {[%emt 00:02:43]} 24. Rae1 {[%clk 01:03:30]} {[%emt
00:00:33]} b5 {[%clk 01:09:04]} {[%emt 00:01:43]} 25. Kf1 {[%clk 01:01:29]}
{[%emt 00:02:32]} a5 {[%clk 01:08:26]} {[%emt 00:01:07]} 26. a3 {[%clk
01:00:29]} {[%emt 00:01:31]} a4 {[%clk 01:08:09]} {[%emt 00:00:47]} 27. g3
{[%clk 00:59:28]} {[%emt 00:01:31]} Kf7 {[%clk 01:08:21]} {[%emt 00:00:18]} 28.
Nf4 {[%clk 00:58:49]} {[%emt 00:01:09]} Nxf4 {[%clk 01:07:36]} {[%emt
00:01:14]} 29. Bxf4 {[%clk 00:58:58]} {[%emt 00:00:21]} Rxe2 {[%clk 01:07:34]}
{[%emt 00:00:33]} 30. Rxe2 {[%clk 00:59:10]} {[%emt 00:00:18]} Rxe2 {[%clk
01:07:52]} {[%emt 00:00:11]} 31. Kxe2 {[%clk 00:59:32]} {[%emt 00:00:08]} g5
{[%clk 01:08:05]} {[%emt 00:00:17]} 32. Be5 {[%clk 00:59:28]} {[%emt 00:00:35]}
Bxe5 {[%clk 01:08:20]} {[%emt 00:00:15]} 33. dxe5 {[%emt 00:00:07]} Ke6 {[%emt
00:00:10]} 34. f4 {[%clk 00:59:23]} {[%emt 00:00:18]} gxf4 {[%clk 01:08:02]}
{[%emt 00:00:48]} 35. gxf4 {[%clk 00:59:39]} {[%emt 00:00:14]} Kd5 {[%clk
01:07:27]} {[%emt 00:01:05]} 36. Ke3 {[%clk 00:59:20]} {[%emt 00:00:49]} h5
{[%clk 01:07:41]} {[%emt 00:00:16]} 37. h4 {[%clk 00:59:29]} {[%emt 00:00:21]}
Ke6 {[%clk 01:08:01]} {[%emt 00:00:10]} 38. Kd4 {[%clk 00:59:39]} {[%emt
00:00:19]} Ke7 {[%clk 01:07:24]} {[%emt 00:01:07]} 39. Kd5 {[%clk 00:59:58]}
{[%emt 00:00:11]} Kd7 {[%clk 01:07:37]} {[%emt 00:00:18]} 40. e6+ {[%clk
01:00:06]} {[%emt 00:00:22]} Ke7 {[%clk 01:07:47]} {[%emt 00:00:20]} 41. Ke5
{[%clk 01:00:19]} {[%emt 00:00:17]} b4 {[%clk 01:08:00]} {[%emt 00:00:17]} 42.
Kxf5 {[%clk 01:00:08]} {[%emt 00:00:41]} b3 {[%clk 01:08:10]} {[%emt 00:00:19]}
43. Ke5 {[%clk 01:00:12]} {[%emt 00:00:26]} Ke8 {[%clk 01:08:33]} {[%emt
00:00:06]} 44. Kd6 {[%clk 01:00:27]} {[%emt 00:00:15]} Kd8 {[%clk 01:08:32]}
{[%emt 00:00:32]} 45. f5 {[%clk 00:59:53]} {[%emt 00:01:04]} Ke8 {[%clk
01:08:52]} {[%emt 00:00:11]} 46. f6 {[%clk 01:00:05]} {[%emt 00:00:18]} Kf8
{[%clk 01:09:08]} {[%emt 00:00:13]} 47. Kd7 {[%clk 01:00:08]} {[%emt 00:00:26]}
Kg8 {[%clk 01:09:11]} {[%emt 00:00:28]} 48. e7 {[%clk 01:00:25]} {[%emt
00:00:13]} Kf7 {[%clk 01:09:24]} {[%emt 00:00:50]} 49. Kd8 {[%clk 01:00:54]}
Kxf6 {[%clk 01:09:47]} {[%emt 00:01:02]} 50. e8=Q {[%emt 00:00:27]} Kf5 {[%clk
01:10:00]} {[%emt 00:00:04]} 51. Qxh5+ {[%clk 01:00:56]} {[%emt 00:00:43]} Ke4
{[%clk 01:10:19]} {[%emt 00:00:12]} 1-0

[Event "DEM U10 2021"]
[Site "Willingen GER"]
[Date "2021.08.27"]
[Round "8"]
[White "Polzin, Gustav"]
[Black "Glöckler, Christian"]
[Result "0-1"]
[Termination "normal"]
[Board "1"]
[WhiteElo "1618"]
[BlackElo "1581"]
[WhiteClock "00:20:48"]
[BlackClock "01:14:22"]
[PlyCount "98"]
[WhiteFideId "34603280"]
[BlackFideId "34608966"]
[EventCountry "GER"]
[EventRounds "11"]
[EventType "swiss"]
[EventDate "2021.08.22"]

1. e4 {[%clk 01:15:58]} {[%emt 00:00:02]} c5 {[%clk 01:15:55]} {[%emt
00:00:07]} 2. Nf3 {[%clk 01:16:18]} {[%emt 00:00:10]} d6 {[%clk 01:16:11]}
{[%emt 00:00:14]} 3. d4 {[%clk 01:16:38]} {[%emt 00:00:08]} cxd4 {[%clk
01:16:36]} {[%emt 00:00:06]} 4. Nxd4 {[%clk 01:17:01]} {[%emt 00:00:06]} Nf6
{[%clk 01:16:58]} {[%emt 00:00:09]} 5. Nc3 {[%clk 01:17:21]} {[%emt 00:00:10]}
Nc6 {[%clk 01:17:19]} {[%emt 00:00:09]} 6. Be3 {[%clk 01:12:02]} {[%emt
00:05:49]} Ng4 {[%clk 01:17:33]} {[%emt 00:00:16]} 7. Bc4 {[%clk 01:10:15]}
{[%emt 00:02:17]} Nxe3 {[%clk 01:17:01]} {[%emt 00:01:02]} 8. fxe3 {[%clk
01:10:33]} {[%emt 00:00:12]} Ne5 {[%clk 01:17:00]} {[%emt 00:00:31]} 9. Bb5+
{[%clk 01:09:54]} {[%emt 00:01:09]} Bd7 {[%clk 01:17:15]} {[%emt 00:00:15]} 10.
O-O {[%clk 01:09:38]} {[%emt 00:00:47]} g6 {[%clk 01:17:02]} {[%emt 00:00:43]}
11. Qe1 {[%clk 00:47:40]} {[%emt 00:22:27]} a6 {[%clk 01:15:49]} {[%emt
00:01:44]} 12. Bxd7+ {[%clk 00:43:10]} {[%emt 00:04:59]} Qxd7 {[%clk 01:15:39]}
{[%emt 00:00:40]} 13. Nd5 {[%clk 00:42:12]} {[%emt 00:01:27]} Qd8 {[%clk
01:14:17]} {[%emt 00:01:53]} 14. Qb4 {[%clk 00:38:57]} {[%emt 00:03:44]} Rb8
{[%clk 01:13:16]} {[%emt 00:01:31]} 15. Nb6 {[%clk 00:34:03]} {[%emt 00:05:26]}
Bh6 {[%clk 01:12:32]} {[%emt 00:01:13]} 16. Nd5 {[%clk 00:25:09]} {[%emt
00:09:24]} O-O {[%clk 01:12:11]} {[%emt 00:00:51]} 17. Qe1 {[%clk 00:25:14]}
{[%emt 00:00:24]} Bg7 {[%clk 01:09:43]} {[%emt 00:02:58]} 18. Qh4 {[%clk
00:25:01]} {[%emt 00:00:43]} e6 {[%clk 01:09:44]} {[%emt 00:00:29]} 19. Nf6+
{[%clk 00:23:28]} {[%emt 00:02:04]} Bxf6 {[%clk 01:10:03]} {[%emt 00:00:10]}
20. Rxf6 {[%clk 00:23:55]} {[%emt 00:00:05]} Nd7 {[%clk 01:10:15]} {[%emt
00:00:19]} 21. Rf4 {[%clk 00:23:47]} {[%emt 00:00:37]} e5 {[%clk 01:10:36]}
{[%emt 00:00:09]} 22. Qxd8 {[%clk 00:18:26]} {[%emt 00:05:50]} Rbxd8 {[%clk
01:10:49]} {[%emt 00:00:17]} 23. Rf3 {[%clk 00:18:53]} {[%emt 00:00:04]} exd4
{[%clk 01:11:06]} {[%emt 00:00:13]} 24. exd4 {[%clk 00:19:22]} {[%emt
00:00:01]} Rde8 {[%clk 01:11:02]} {[%emt 00:00:34]} 25. Re1 {[%clk 00:19:28]}
{[%emt 00:00:24]} f5 {[%clk 01:11:15]} {[%emt 00:00:17]} 26. Rfe3 {[%clk
00:19:32]} {[%emt 00:00:26]} f4 {[%clk 01:11:29]} {[%emt 00:00:17]} 27. R3e2
{[%clk 00:19:28]} {[%emt 00:00:33]} Kg7 {[%clk 01:11:08]} {[%emt 00:00:51]} 28.
Kf2 {[%clk 00:19:36]} {[%emt 00:00:22]} g5 {[%clk 01:11:15]} {[%emt 00:00:23]}
29. c4 {[%clk 00:19:43]} {[%emt 00:00:23]} h5 {[%clk 01:11:28]} {[%emt
00:00:17]} 30. b3 {[%clk 00:19:58]} {[%emt 00:00:16]} g4 {[%clk 01:11:27]}
{[%emt 00:00:31]} 31. Rd2 {[%clk 00:19:55]} {[%emt 00:00:33]} Re6 {[%clk
01:11:21]} {[%emt 00:00:36]} 32. b4 {[%clk 00:17:55]} {[%emt 00:02:31]} Rfe8
{[%clk 01:10:53]} {[%emt 00:00:57]} 33. Rde2 {[%clk 00:16:34]} {[%emt
00:01:52]} Nf6 {[%clk 01:11:02]} {[%emt 00:00:20]} 34. e5 {[%clk 00:16:55]}
{[%emt 00:00:09]} dxe5 {[%clk 01:11:13]} {[%emt 00:00:17]} 35. d5 {[%clk
00:17:12]} {[%emt 00:00:14]} R6e7 {[%clk 01:11:25]} {[%emt 00:00:19]} 36. d6
{[%clk 00:17:02]} {[%emt 00:00:40]} Re6 {[%clk 01:11:46]} {[%emt 00:00:10]} 37.
c5 {[%clk 00:17:11]} {[%emt 00:00:20]} e4 {[%clk 01:11:47]} {[%emt 00:00:29]}
38. Rd1 {[%clk 00:17:26]} {[%emt 00:00:15]} e3+ {[%clk 01:11:56]} {[%emt
00:00:22]} 39. Ke1 {[%clk 00:17:43]} {[%emt 00:00:12]} f3 {[%clk 01:12:01]}
{[%emt 00:00:24]} 40. Rc2 {[%clk 00:17:57]} {[%emt 00:00:16]} e2 {[%clk
01:12:08]} {[%emt 00:00:23]} 41. Rdc1 {[%clk 00:18:04]} {[%emt 00:00:24]} fxg2
{[%clk 01:12:07]} {[%emt 00:00:31]} 42. Kf2 {[%clk 00:18:21]} {[%emt 00:00:14]}
e1=Q+ {[%clk 01:12:14]} {[%emt 00:00:23]} 43. Rxe1 {[%clk 00:18:42]} {[%emt
00:00:09]} Rxe1 {[%clk 01:12:33]} {[%emt 00:00:12]} 44. Kxg2 {[%clk 00:19:08]}
{[%emt 00:00:02]} R8e2+ {[%clk 01:12:48]} {[%emt 00:00:15]} 45. Rxe2 {[%clk
00:19:29]} {[%emt 00:00:09]} Rxe2+ {[%clk 01:13:02]} {[%emt 00:00:17]} 46. Kg3
{[%clk 00:19:57]} {[%emt 00:00:02]} Kg6 {[%clk 01:13:11]} {[%emt 00:00:21]} 47.
a4 {[%clk 00:20:09]} {[%emt 00:00:19]} Kg5 {[%clk 01:13:31]} {[%emt 00:00:08]}
48. h4+ {[%clk 00:20:28]} {[%emt 00:00:10]} Kf5 {[%clk 01:13:57]} {[%emt
00:00:05]} 49. d7 {[%clk 00:20:48]} {[%emt 00:00:11]} Ne4# {[%clk 01:14:22]}
{[%emt 00:00:05]} 0-1